Name The Country By The Picture #2 - Statistics

General Stats
  • This quiz has been taken 110 times
  • The average score is 12 of 15
Answer Stats
Picture Answer % Correct
Greece
100%
United States Of America
100%
Italy
99%
France
98%
United Arab Emirates
95%
Peru
92%
United Kingdom
92%
Germany
86%
Cambodia
82%
Monaco
75%
Madagascar
70%
Zambia / Zimbabwe
49%
Maldives
47%
The Bahamas
45%
Canada
28%
No matching quizzes found
Score Distribution
Percent of People with Each Score
Percentile by Number Answered
Your Score History
You have not taken this quiz